<?xml version="1.0" encoding="UTF-8"?><?xml-stylesheet type="text/xsl" href="static/style.xsl"?><OAI-PMH xmlns="http://www.openarchives.org/OAI/2.0/" xmlns:xsi="http://www.w3.org/2001/XMLSchema-instance" xsi:schemaLocation="http://www.openarchives.org/OAI/2.0/ http://www.openarchives.org/OAI/2.0/OAI-PMH.xsd"><responseDate>2026-04-30T05:21:29Z</responseDate><request verb="GetRecord" identifier="oai:uvadoc.uva.es:10324/49587" metadataPrefix="marc">https://uvadoc.uva.es/oai/request</request><GetRecord><record><header><identifier>oai:uvadoc.uva.es:10324/49587</identifier><datestamp>2021-11-03T21:49:51Z</datestamp><setSpec>com_10324_68945</setSpec><setSpec>com_10324_954</setSpec><setSpec>com_10324_894</setSpec><setSpec>com_10324_1163</setSpec><setSpec>com_10324_931</setSpec><setSpec>col_10324_68952</setSpec><setSpec>col_10324_1326</setSpec></header><metadata><record xmlns="http://www.loc.gov/MARC21/slim" xmlns:doc="http://www.lyncode.com/xoai" xmlns:xsi="http://www.w3.org/2001/XMLSchema-instance" xmlns:dcterms="http://purl.org/dc/terms/" xsi:schemaLocation="http://www.loc.gov/MARC21/slim http://www.loc.gov/standards/marcxml/schema/MARC21slim.xsd">
<leader>00925njm 22002777a 4500</leader>
<datafield tag="042" ind1=" " ind2=" ">
<subfield code="a">dc</subfield>
</datafield>
<datafield tag="720" ind1=" " ind2=" ">
<subfield code="a">Gutiérrez Baños, Fernando</subfield>
<subfield code="e">author</subfield>
</datafield>
<datafield tag="260" ind1=" " ind2=" ">
<subfield code="c">2020</subfield>
</datafield>
<datafield tag="520" ind1=" " ind2=" ">
<subfield code="a">This article explores the history and early iconography of the doctrine of the Immaculate Conception with particular&#xd;
reference to the subject as found in the thirteenth-century wall paintings of the chapel of San Martín in the Old&#xd;
Cathedral of Salamanca. It moves beyond this case study and looks at the theology, liturgy, iconography and changing&#xd;
approaches to the theme over time and space and suggests that it was a subject that worked on multiple levels and encompassed&#xd;
far more than has hitherto been believed. The role of the Crown of Castile during the initial stages of the development&#xd;
of this subject deserves special attention, as it received, adapted and created images to express both immaculist&#xd;
and maculist beliefs. Text is being published in two parts in two successive issues of Iconographica. The second part completes&#xd;
the iconographic analysis of the wall paintings in Salamanca through the study of the Crucifixion represented in&#xd;
the lower register in connection with the overall immaculist program. This part also explores the background that made&#xd;
possible the creation of such an ensemble in Castile in a context of great reluctance towards the doctrine of the Immaculate&#xd;
Conception, as proved by Alfonso X’s Cantigas de Santa María.</subfield>
</datafield>
<datafield tag="024" ind2=" " ind1="8">
<subfield code="a">Iconographica: Studies in the History of Images, 2020, n. XIX. p. 43-55</subfield>
</datafield>
<datafield tag="024" ind2=" " ind1="8">
<subfield code="a">1720-1764</subfield>
</datafield>
<datafield tag="024" ind2=" " ind1="8">
<subfield code="a">https://uvadoc.uva.es/handle/10324/49587</subfield>
</datafield>
<datafield ind1=" " ind2=" " tag="653">
<subfield code="a">Catedral de Salamanca (España)</subfield>
</datafield>
<datafield ind1=" " ind2=" " tag="653">
<subfield code="a">Pintura gótica - España</subfield>
</datafield>
<datafield tag="245" ind1="0" ind2="0">
<subfield code="a">Picturing the Immaculate Conception in thirteenth-century Castile: the wall paintings of the Chapel of San Martín in the old Cathedral of Salamanca (Part II)</subfield>
</datafield>
</record></metadata></record></GetRecord></OAI-PMH>